Top 10 Songs of 2016 - Statistics

General Stats
  • This quiz has been taken 456 times
  • The average score is 5 of 10
Answer Stats
Artist Answer % Correct
Adele Hello
95%
Justin Bieber Sorry
82%
Justin Bieber Love Yourself
68%
Drake Hotline Bling
66%
Shawn Mendes Stitches
61%
Justin Bieber What Do You Mean?
54%
The Weeknd The Hills
35%
Alessia Cara Here
32%
Selena Gomez Same Old Love
19%
Meghan Trainor Like I'm Gonna Lose You
8%
No matching quizzes found
Score Distribution
Percent of People with Each Score
Percentile by Number Answered
Your Score History
You have not taken this quiz